Computer security and industrial cryptography : State of the art and evolution : Konf. ESAT Course, Leuven, Belgium, 21.- 23. May 1991 /
Uložené v:
| Ďalší autori: | |
|---|---|
| Médium: | Kniha |
| Jazyk: | English |
| Vydavateľské údaje: |
Berlin :
Springer Verlag,
1993
|
| Vydanie: | 1.vyd. |
| Predmet: | |
| Tagy: |
Žiadne tagy, Buďte prvý, kto otaguje tento záznam!
|
MARC
| LEADER | 00000nam a22000003a 4500 | ||
|---|---|---|---|
| 001 | stu7211 | ||
| 005 | 20150617225809.4 | ||
| 008 | 941221s1993----gw------------------eng-d | ||
| 020 | |a 3-540-57341-0 | ||
| 040 | |a STU |b slo | ||
| 041 | 0 | |a eng | |
| 044 | |a gw | ||
| 080 | |a 681.32.01.004 | ||
| 080 | |a 681.325.05 | ||
| 080 | |a 519.72 | ||
| 100 | 1 | |a Preneel, Bart |4 com | |
| 245 | 1 | |a Computer security and industrial cryptography : |b State of the art and evolution : Konf. ESAT Course, Leuven, Belgium, 21.- 23. May 1991 / |c Edit.: Preneel,Bart a kol | |
| 250 | |a 1.vyd. | ||
| 260 | |a Berlin : |b Springer Verlag, |c 1993 | ||
| 300 | |a 274 s | ||
| 650 | 7 | |a zabezpečenie dát |2 stusub | |
| 650 | 7 | |a kryptológia |2 stusub | |
| 650 | 7 | |a kryptografia |2 stusub | |
| 650 | 7 | |a počítačové siete |2 stusub | |
| 650 | 7 | |a počítačové systémy |2 stusub | |
| 996 | |b E79510 |c E*79510 |l EE22 |s P |a 0 |w stu7211_0001 | ||